| 000 | 00000nam 2200000zi 4500 |
| 001 | 9.939194 |
| 003 | CaOODSP |
| 005 | 20250128134507 |
| 006 | m o d f |
| 007 | cr mn||||||||| |
| 008 | 240611t20242024quca o f000 0 eng d |
| 020 | |a9780660722993 |
| 040 | |aCaOODSP|beng|erda|cCaOODSP |
| 043 | |an-cn--- |
| 086 | 1 |aCW66-1209/2024E-PDF |
| 245 | 00|aWhales and contaminants. |
| 250 | |a[2024 edition]. |
| 264 | 1|a[Gatineau, Quebec] : |bEnvironment and Climate Change Canada = Environnement et changement climatique Canada, |c[2024] |
| 264 | 4|c©2024 |
| 300 | |a1 online resource (1 page) : |bcolour illustrations |
| 336 | |atext|btxt|2rdacontent |
| 337 | |acomputer|bc|2rdamedia |
| 338 | |aonline resource|bcr|2rdacarrier |
| 500 | |aIssued also in French under title: Les baleines et les contaminants. |
| 650 | 0|aWhales|xEffect of water pollution on|zCanada. |
| 650 | 0|aWhales|xConservation|zCanada. |
| 655 | 7|aInfographics|2lcgft |
| 710 | 1 |aCanada. |bEnvironment and Climate Change Canada, |eissuing body. |
| 775 | 08|tLes baleines et les contaminants.|w(CaOODSP)9.939195 |
| 795 | |tWhales and contaminants.|b(2023)|w(CaOODSP)9.924895 |
| 856 | 40|qPDF|s155 KB|uhttps://publications.gc.ca/collections/collection_2025/eccc/cw66/CW66-1209-2024-eng.pdf |
| 856 | 4 |qHTML|sN/A|uhttps://www.canada.ca/en/environment-climate-change/services/wildlife-habitat/conservation-funding-success-stories/reducing-contaminants-threat-southern-resident-killer-whales/whales-contaminants.html |